Statistics for Game of Thrones Episode Titles (All Seasons: 1-8)

Click here to take the quiz!

General Stats

  • This quiz has been taken 922 times
  • The average score is 46 of 73

Answer Stats

HintAnswer% Correct
Season 1 Episode 1Winter Is Coming
94%
Season 1 Episode 9Baelor
84%
Season 6 Episode 9Battle of the Bastards
84%
Season 8 Episode 3The Long Night
82%
Season 2 Episode 9Blackwater
80%
Season 3 Episode 9The Rains of Castamere
80%
Season 8 Episode 5The Bells
78%
Season 1 Episode 2The Kingsroad
78%
Season 4 Episode 2The Lion and the Rose
78%
Season 8 Episode 1Winterfell
78%
Season 4 Episode 8The Mountain and the Viper
77%
Season 3 Episode 10Mhysa
75%
Season 8 Episode 6The Iron Throne
75%
Season 6 Episode 10The Winds of Winter
75%
Season 1 Episode 10Fire and Blood
74%
Season 5 Episode 8Hardhome
74%
Season 1 Episode 5The Wolf and the Lion
74%
Season 1 Episode 4Cripples, Bastards, and Broken Things
72%
Season 2 Episode 10Valar Morghulis
72%
Season 1 Episode 3Lord Snow
71%
Season 3 Episode 6The Climb
71%
Season 7 Episode 1Dragonstone
70%
Season 4 Episode 10The Children
70%
Season 3 Episode 1Valar Dohaeris
70%
Season 4 Episode 9The Watchers on the Wall
69%
Season 7 Episode 6Beyond the Wall
68%
Season 4 Episode 4Oathkeeper
67%
Season 8 Episode 2A Knight of the Seven Kingdoms
66%
Season 7 Episode 7The Dragon and the Wolf
66%
Season 6 Episode 5The Door
65%
Season 1 Episode 6A Golden Crown
64%
Season 3 Episode 7The Bear and the Maiden Fair
64%
Season 4 Episode 1Two Swords
63%
Season 5 Episode 6Unbowed, Unbent, Unbroken
63%
Season 1 Episode 7You Win or You Die
62%
Season 3 Episode 5Kissed by Fire
61%
Season 6 Episode 3Oathbreaker
61%
Season 6 Episode 1The Red Woman
61%
Season 2 Episode 1The North Remembers
60%
Season 7 Episode 4The Spoils of War
60%
Season 5 Episode 10Mother's Mercy
59%
Season 8 Episode 4The Last of the Starks
59%
Season 1 Episode 8The Pointy End
59%
Season 6 Episode 2Home
58%
Season 6 Episode 8No One
57%
Season 5 Episode 9The Dance of Dragons
56%
Season 5 Episode 2The House of Black and White
56%
Season 4 Episode 6The Laws of Gods and Men
56%
Season 3 Episode 4And Now His Watch Is Ended
55%
Season 3 Episode 8Second Sons
55%
Season 2 Episode 3What Is Dead May Never Die
55%
Season 7 Episode 5Eastwatch
54%
Season 2 Episode 4Garden of Bones
54%
Season 2 Episode 8The Prince of Winterfell
54%
Season 5 Episode 3High Sparrow
53%
Season 4 Episode 7Mockingbird
53%
Season 2 Episode 5The Ghost of Harrenhal
52%
Season 4 Episode 5First of His Name
51%
Season 7 Episode 3The Queen's Justice
51%
Season 2 Episode 7A Man Without Honor
50%
Season 4 Episode 3Breaker of Chains
50%
Season 7 Episode 2Stormborn
50%
Season 5 Episode 4Sons of the Harpy
49%
Season 2 Episode 6The Old Gods and the New
49%
Season 5 Episode 1The Wars to Come
49%
Season 3 Episode 2Dark Wings, Dark Words
48%
Season 2 Episode 2The Night Lands
48%
Season 5 Episode 5Kill the Boy
47%
Season 5 Episode 7The Gift
47%
Season 3 Episode 3Walk of Punishment
47%
Season 6 Episode 6Blood of My Blood
46%
Season 6 Episode 4Book of the Stranger
46%
Season 6 Episode 7The Broken Man
46%

Score Distribution

Percentile by Number Answered

Percent of People with Each Score

Your Score History

You have not taken this quiz